El Discurso social de la CEPAL y la gran promesa tecnológica del industrialismo

Gorde:
Xehetasun bibliografikoak
Egile nagusia: Barrantes, César
Formatua: Texto
Argitaratua: Tegucigalpa: UNAH
Etiketak: Etiketa erantsi
Etiketarik gabe, Izan zaitez lehena erregistro honi etiketa jartzen!

MARC

LEADER 00000 a a2200000 04500
001 21056
003
040
090 |a 090900  
100 |a Barrantes, César  
245 |a El Discurso social de la CEPAL y la gran promesa tecnológica del industrialismo  
260 |a Tegucigalpa:   |b UNAH  
300 |a 38 p.  
999 |c 13466  |d 13466